Word Ladder: Dog Names Quiz Stats

 Plays Quiz Updated Sep 15, 2017

Challenge
Share
Tweet
Embed
Score 0/20 Timer 02:00
3 Plays Today
Hint 4-Letter Word % Correct
Good fortuneLUCK
97.8%
Koala or grizzly, e.g.◈ BEAR ◈
97.4%
Playing card directly above 10◈ JACK ◈
96%
1950s sitcom 'I Love __'◈ LUCY ◈
95.8%
Bill of a birdBEAK
95.4%
To not have enough of somethingLACK
93.8%
Black powder found in chimneysSOOT
91.5%
A chair or bar stool SEAT
89.5%
Chocolate bit in a cookie◈ CHIP ◈
89.2%
Burn a surface with sudden intense heatSEAR
88.8%
Hint 4-Letter Word % Correct
Stolen goodsLOOT
87.6%
An athletic individualJOCK
86.2%
Enclosure for poultryCOOP
85.8%
Cut up with a toolCHOP
84.1%
A brook or stream, in the UKBECK
84%
A closed electrical circuitLOOP
83.2%
Ship moorageDOCK
74.9%
Minor fightSPAT
72%
Stain or mark◈ SPOT ◈
71.9%
Flat part of a skateboardDECK
71%

Today's Daily Dose

You're not logged in!

Compare scores with friends on all Sporcle quizzes.
Join for Free
OR
Log In

You Might Also Like...

Show Comments

Extras

Top Quizzes Today


Score Distribution

Your Account Isn't Verified!

In order to create a playlist on Sporcle, you need to verify the email address you used during registration. Go to your Sporcle Settings to finish the process.

Report this User

Report this user for behavior that violates our Community Guidelines.

Details: